Normal view MARC view
  • Gill, Michael

Entry Personal Name

Number of records used in: 1

001 - CONTROL NUMBER

  • control field: 5839

003 - CONTROL NUMBER IDENTIFIER

  • control field: OSt

005 - DATE AND TIME OF LATEST TRANSACTION

  • control field: 20170517162915.0

008 - FIXED-LENGTH DATA ELEMENTS

  • fixed length control field: 170517|| aca||aabn | a|a d

040 ## - CATALOGING SOURCE

  • Original cataloging agency: OSt
  • Transcribing agency: OSt

100 ## - HEADING--PERSONAL NAME

  • Personal name: Gill, Michael
  • Fuller form of name: (Michael Gates),
  • Relator term: author.

670 ## - SOURCE DATA FOUND

  • Source citation: Work cat.: (OSt)0: Gill, Michael (Michael Gates), author., How STARBUCKS Saved My Life :
Pusat Sumber Maklumat Dato' Haji Sarmin Md Hussin, Akademi Kastam Diraja Malaysia, Melaka
Tel: 06-2331106 | Faks: 06-2313787